Definícia terorizmu

Cieľom autora príspevku je priblížiť aktuálne právne problémy a otázky súvisiace s bojom proti medzinárodnému terorizmu. Z obsahového hľadiska je zameraný na viaceré citlivé otázky, akými sú definícia terorizmu, subjektívna stránka terorizmu, objektívna stránka terorizmu alebo okruh potenciálnych pá...

Descrizione completa

Salvato in:
Dettagli Bibliografici
Autore principale: Mrázová, Ivana
Natura: Capitolo di libro
Lingua:slovacco
Soggetti:
Tags: Aggiungi Tag
Nessun Tag, puoi essere il primo ad aggiungerne!!

MARC

LEADER 00000nla$a2200000$$$4500
001 0094389
005 20240502083239.7
041 0 |a slo 
044 |a CZ 
245 1 0 |a Definícia terorizmu  |c Ivana Mrázová 
520 |a Cieľom autora príspevku je priblížiť aktuálne právne problémy a otázky súvisiace s bojom proti medzinárodnému terorizmu. Z obsahového hľadiska je zameraný na viaceré citlivé otázky, akými sú definícia terorizmu, subjektívna stránka terorizmu, objektívna stránka terorizmu alebo okruh potenciálnych páchateľov. 
610 2 0 |a terorizmus 
610 2 0 |a definície 
610 2 0 |a právo medzinárodné 
100 1 |a Mrázová, Ivana